Análisis y modelo de optimización del Sistema Nacional de Ciencia y Tecnología Agroindustrial en Colombia. (Registro nro. 1803)

Detalles MARC
000 -CABECERA
Campo de control 00979nam a2200277 a 4500
005 - FECHA Y HORA DE LA ULTIMA TRANSACCION
Campo de control 20160331133742.0
008 - ELEMENTOS DE LONGITUD FIJA—INFORMACION GENERAL
Campo de control 140303b1999 ck ||||| |||| 00| 0 spa d
020 ## - ISBN
ISBN 9589328210
040 ## - FUENTE DE CATALOGACIÓN
Agencia catalogadora original CO-BoIAVH
Agencia transcriptora CO-BoIAVH
041 ## - IDIOMA
Código de idioma para texto/pista de sonido o título separado Español
044 ## - PAÍS DE PUBLICACIÓN
País de publicación Colombia
082 14 - NUMERO DE CLASIFICACION DECIMAL DEWEY
Número de clasificación 630.9861
Número del ítem A66a
100 1# - ASIENTO PRINCIPAL--NOMBRE PERSONAL
Nombre personal Arango Nieto, Luis
9 (RLIN) 13167
245 10 - MENCION DE TITULO
Título Análisis y modelo de optimización del Sistema Nacional de Ciencia y Tecnología Agroindustrial en Colombia.
260 ## - PUBLICACION, DISTRIBUCION, ETC. (PIE DE IMPRENTA)
Lugar de publicación, distribución, etc. Bogotá:
Nombre del editor, distribuidor, etc. Minagricultura,
-- Colciencias,
-- IICA,
Fecha de publicación, distribución, etc. 1999.
300 ## - DESCRIPCION FISICA
Extensión 151 páginas.
Otros detalles físicos tablas
650 14 - ASIENTO SECUNDARIO DE MATERIA - TERMINO TEMATICO
Término temático o nombre geográfico como elemento de entrada Sistema Nacional de Ciencia y Tecnología
Subdivisión geográfica Colombia
9 (RLIN) 64767
650 14 - ASIENTO SECUNDARIO DE MATERIA - TERMINO TEMATICO
Término temático o nombre geográfico como elemento de entrada Transferencia de tecnología
Subdivisión geográfica Colombia
9 (RLIN) 64768
650 14 - ASIENTO SECUNDARIO DE MATERIA - TERMINO TEMATICO
Término temático o nombre geográfico como elemento de entrada Investigación
Subdivisión geográfica Colombia
9 (RLIN) 64769
650 ## - ASIENTO SECUNDARIO DE MATERIA - TERMINO TEMATICO
Término temático o nombre geográfico como elemento de entrada Sistemas de información
9 (RLIN) 64770
650 ## - ASIENTO SECUNDARIO DE MATERIA - TERMINO TEMATICO
Término temático o nombre geográfico como elemento de entrada Divulgación de información
9 (RLIN) 8552
662 ## - ASIENTO SECUNDARIO DE MATERIA - JERARQUIA DEL NOMBRE DE LUGAR(
País o entidad mayor Colombia
700 1# - ASIENTO SECUNDARIO - NOMBRE PERSONAL
Nombre personal Rivera, Carlos Fernando
9 (RLIN) 13170
700 1# - ASIENTO SECUNDARIO - NOMBRE PERSONAL
Nombre personal Rubio Junguito, Andrés
9 (RLIN) 13171
942 ## - ELEMENTOS ADICIONALES (KOHA)
Tipo de ítem Libro
Sistema de clasificación Dewey Decimal Classification
Existencias
Withdrawn status Lost status Sistema de Clasificación Damaged status No para préstamo Colección Inventariado Ubicación Permanente Ubicación actual Fecha de adquisición Fuente de Valor Valor Total Checkouts Número topográfico Inventario / Código de Barras Date last seen Ejemplar Price effective from Forma de adquisición Tipo de material
    Dewey Decimal Classification     General Inventariado 2017 Sala Fabio Quevedo Sala Fabio Quevedo 23/01/2001 Baptiste, Luis Guillermo 39000.00   LB-630.9861 A66a 002258 04/12/2012 Ej. 1 04/12/2012   Libro